Départements d'Auvergne-Rhône-Alpes - Statistiques

Statistiques générales
  • Ce quiz a été pris 378 fois
  • Le résultat moyen est 10 sur 12
Statistiques - réponses
Hint Réponse % Correct
01 Ain
98%
69 Rhône
93%
74 Haute-Savoie
92%
73 Savoie
92%
07 Ardèche
88%
38 Isère
86%
42 Loire
86%
26 Drôme
84%
03 Allier
82%
15 Cantal
79%
43 Haute-Loire
79%
63 Puy-de-Dôme
77%
Aucun quiz correspondant
Distribution des résultats
% des personnes avec chaque résultat
Percentile par nombre de réponses
Votre historique - résultats
Vous n’avez pas pris ce quiz